Classroom assessment

保存先:
書誌詳細
第一著者: Airasian, Peter W
フォーマット: 図書
出版事項: McGraw-Hill 1997
タグ: タグ追加
タグなし, このレコードへの初めてのタグを付けませんか!
Thư viện lưu trữ: Mạng thư viện Đại học Đà Nẵng
LEADER 00514nam a2200217 a 4500
001 000029836
003 4504
005 20171030145630.0
008 171030s1997
040 |a LTT 
082 0 |a 371.27  |b AI-P 
100 1 |a Airasian, Peter W 
245 0 0 |a Classroom assessment  |c Peter W. Airasian. 
260 |b McGraw-Hill  |c 1997 
OWN |a LTT 
999 |a From the UDN01 
TYP |a Monograph 
TYP |a Printed language 
980 |a Mạng thư viện Đại học Đà Nẵng